Những thủ thuật và mẹo để viết nhật ký trực tuyến Blog : Danh cho người mới sử dụng

Hướng dẫn từng bước thực hiện dễ dàng nhằm giúp những người mới bắt đầu viết blog tiếp cận nhanh chóng với blogger.

Spremljeno u:
Bibliografski detalji
Glavni autor: Nguyễn, Thanh Hùng
Format: Knjiga
Jezik:Undetermined
Izdano: Thành phố Hồ Chí Minh Thanh niên 2010
Teme:
Oznake: Dodaj oznaku
Bez oznaka, Budi prvi tko označuje ovaj zapis!
Thư viện lưu trữ: Trung tâm Học liệu Trường Đại học Cần Thơ
LEADER 00925nam a2200229Ia 4500
001 CTU_159000
008 210402s9999 xx 000 0 und d
020 |c 60000 
082 |a 006.7 
082 |b H513 
100 |a Nguyễn, Thanh Hùng 
245 0 |a Những thủ thuật và mẹo để viết nhật ký trực tuyến Blog : 
245 0 |b Danh cho người mới sử dụng 
245 0 |c Nguyễn Thanh Hùng 
260 |a Thành phố Hồ Chí Minh 
260 |b Thanh niên 
260 |c 2010 
520 |a Hướng dẫn từng bước thực hiện dễ dàng nhằm giúp những người mới bắt đầu viết blog tiếp cận nhanh chóng với blogger. 
650 |a Computer network,Hệ thống máy tính 
650 |x Blogs,Blog 
904 |i QHieu 
980 |a Trung tâm Học liệu Trường Đại học Cần Thơ